ბათუმის შოთა რუსთაველის სახელმწიფო უნივერსიტეტის ბიბლიოთეკა

Greek Settlements in the Eastern Mediterranean and the Black Sea / (ბიბ.ჩანაწერი № 60509)

000 -LEADER
fixed length control field 00754nam a22001697a 4500
005 - DATE AND TIME OF LATEST TRANSACTION
control field 20230814162059.0
008 - FIXED-LENGTH DATA ELEMENTS--GENERAL INFORMATION
fixed length control field 230809s2002 enk||||| |||| 00| 0 eng d
020 ## - INTERNATIONAL STANDARD BOOK NUMBER
International Standard Book Number 1841714429
080 ## - UNIVERSAL DECIMAL CLASSIFICATION NUMBER
Universal Decimal Classification number 94(38) G-78
245 ## - TITLE STATEMENT
Title Greek Settlements in the Eastern Mediterranean and the Black Sea /
Statement of responsibility, etc. Editorial G. R. Tsetskhladze and A. M. Snodgrass.
264 ## - PRODUCTION, PUBLICATION, DISTRIBUTION, MANUFACTURE, AND COPYRIGHT NOTICE
Place of production, publication, distribution, manufacture Oxford,
Date of production, publication, distribution, manufacture, or copyright notice 2002.
300 ## - PHYSICAL DESCRIPTION
Extent 129 p.:
Other physical details ill.;
Dimensions 30 cm.
653 ## - INDEX TERM--UNCONTROLLED
keyword ბერძნული დასახლებები აღმოსავლეთ ხმელთაშუა და შავ ზღვაში
700 ## - ADDED ENTRY--PERSONAL NAME
Personal name Tsetskhladze, G. R.
Relator term რედაქტორი
9 (RLIN) 19645
700 ## - ADDED ENTRY--PERSONAL NAME
Personal name Snodgrass, A. M.
Relator term რედაქტორი
9 (RLIN) 19646
942 ## - ADDED ENTRY ELEMENTS (KOHA)
Source of classification or shelving scheme
Koha item type წიგნი
ეგზემპლარები
Withdrawn status Lost status Source of classification or shelving scheme Damaged status Not for loan Permanent Location Current Location Shelving location Date acquired Cost, normal purchase price Full call number Barcode Date last seen Copy number Uniform Resource Identifier Price effective from Koha item type Public note
          ბათუმის შოთა რუსთაველის სახელმწიფო უნივერსიტეტის მთავარი ბიბლიოთეკა ბათუმის შოთა რუსთაველის სახელმწიფო უნივერსიტეტის მთავარი ბიბლიოთეკა წიგნსაცავი 2023-08-09 8.00 94(38) G-78 65170 2023-08-09 65170 ბსუ-ს საპატიო დოქტორის გურამ ლორთქიფანიძის საჩუქარი 2023-08-09 წიგნი 8 ლ.